[Event "PRO League Group Stage"]
[Site "chess.com INT"]
[Date "2020.01.13"]
[Round "2"]
[White "Harvey, Marcus R"]
[Black "Dominguez Perez, Leinier"]
[Result "1/2-1/2"]
[WhiteTitle "FM"]
[BlackTitle "GM"]
[WhiteElo "2419"]
[BlackElo "2758"]
[WhiteTeam "U.K. Lions"]
[BlackTeam "Saint Louis Arch Bishops"]
[WhiteFideId "400092"]
[BlackFideId "3503240"]
[EventDate "2020.01.06"]

1. Nf3 d5 2. e3 Nf6 3. c4 e6 4. b3 b6 5. Bb2 Bb7 6. Nc3 Nbd7 7. cxd5 exd5 8. d4
Bd6 9. Rc1 a6 10. Bd3 Qe7 11. Bb1 h5 12. h3 h4 13. Nd2 O-O-O 14. Qe2 Kb8 15. Bd3
Ka7 16. Kd1 c5 17. Kc2 b5 18. dxc5 Nxc5 19. Kb1 Kb8 20. Nf3 Nfe4 21. Rhd1 Rhe8
22. Nd4 g6 23. Ka1 Rc8 24. Bb1 Be5 25. f3 Ng3 26. Qd2 Bh8 27. Re1 Red8 28. Nce2
Nxe2 29. Nxe2 Bxb2+ 30. Kxb2 Ne6 31. Nd4 Qf6 32. Rxc8+ Rxc8 33. Rc1 Re8 34. Qc3
Nxd4 35. Qxd4 Qxd4+ 36. exd4 Bc8 37. Bd3 Kb7 38. Rc5 Rd8 39. Kc3 Be6 40. Kd2 Rc8
41. Ke3 g5 42. Rxc8 Kxc8 43. f4 f6 44. a4 Bd7 45. axb5 axb5 46. b4 Kc7 47. Kf3
Kd6 48. g3 Bxh3 49. gxh4 gxh4 50. Bxb5 Bf5 51. Kg2 Kc7 52. Kh2 Kb6 53. Be8 Kc7
54. Bf7 Kc6 55. Be8+ Kc7 56. Bf7 Kc6 57. Be8+ Kb6 58. Kg2 Bg4 59. Kh2 Be6 60.
Kg2 Bf5 61. Kh2 Bg4 62. Kg2 Be6 63. Kh2 1/2-1/2

[Event "PRO League Group Stage"]
[Site "chess.com INT"]
[Date "2020.01.13"]
[Round "2"]
[White "Le, Quang Liem"]
[Black "Speelman, Jon S"]
[Result "1-0"]
[WhiteTitle "GM"]
[BlackTitle "GM"]
[WhiteElo "2713"]
[BlackElo "2509"]
[WhiteTeam "Saint Louis Arch Bishops"]
[BlackTeam "U.K. Lions"]
[WhiteFideId "12401137"]
[BlackFideId "400033"]
[EventDate "2020.01.06"]

1. e4 c6 2. d4 d5 3. e5 Bf5 4. h4 h5 5. Bd3 Bxd3 6. Qxd3 e6 7. Nf3 Nh6 8. Bxh6
Rxh6 9. Nbd2 Nd7 10. O-O a6 11. Rfd1 Be7 12. g3 g6 13. c4 dxc4 14. Nxc4 Nb6 15.
Ne3 Kf8 16. Qb3 Kg7 17. Rac1 Rh8 18. Nd2 Rb8 19. Ne4 Nd5 20. Kg2 Qd7 21. Nc4
Rhd8 22. Qf3 Qe8 23. a3 Rd7 24. Nc5 Rdd8 25. Nd2 a5 26. Nde4 b6 27. Nd3 Rbc8 28.
Rc2 Rc7 29. Rdc1 Qd7 30. Rc4 Rdc8 31. Kg1 Qd8 32. R4c2 Qd7 33. Rd2 Qd8 34. Nf4
Nxf4 35. Qxf4 Rd7 36. Rcd1 a4 37. Qf3 c5 38. dxc5 Rxd2 39. Rxd2 Qc7 40. Nd6 Rf8
41. c6 b5 42. Qc3 Rb8 43. Rd3 Kg8 44. Nb7 b4 45. axb4 Bxb4 46. Qxb4 Qxc6 47.
Rd8+ Rxd8 48. Nxd8 Qd5 49. Qe7 Qd1+ 50. Kh2 Qf3 51. Qf6 1-0

[Event "PRO League Group Stage"]
[Site "chess.com INT"]
[Date "2020.01.13"]
[Round "2"]
[White "Theodorou, Nikolas"]
[Black "Jones, Gawain C B"]
[Result "1/2-1/2"]
[WhiteTitle "IM"]
[BlackTitle "GM"]
[WhiteElo "2555"]
[BlackElo "2679"]
[WhiteTeam "Saint Louis Arch Bishops"]
[BlackTeam "U.K. Lions"]
[WhiteFideId "4262875"]
[BlackFideId "409561"]
[EventDate "2020.01.06"]

1. d4 g6 2. Nf3 Bg7 3. c4 c5 4. d5 b5 5. cxb5 a6 6. b6 Qxb6 7. e4 Qb4+ 8. Nbd2
Nf6 9. a3 Qb7 10. Rb1 O-O 11. b4 cxb4 12. Rxb4 Qc7 13. Rc4 Qd8 14. Be2 a5 15.
O-O Ba6 16. Rc2 d6 17. Bb2 Nbd7 18. Bxa6 Rxa6 19. Qe2 Rb6 20. Bd4 Rb7 21. Rfc1
Qa8 22. g3 Rfb8 23. Rc6 Rb5 24. Rc7 R5b7 25. R7c6 Rb5 26. a4 Rb4 27. Ra6 Qb7 28.
Ra7 Rc8 29. Rxc8+ Qxc8 30. Rxa5 Nc5 31. Bxc5 dxc5 32. Ra6 h6 33. Rc6 Qg4 34.
Rxc5 Nxe4 35. Rc4 Nc3 36. Qd3 Rxc4 37. Nxc4 Nxa4 38. Nce5 Qb4 39. Nc6 Qd6 40.
Qe4 Nb6 41. Qxe7 Qxe7 42. Nxe7+ Kf8 43. d6 Ke8 44. Nc6 Nc4 45. Kg2 Kd7 46. Ncd4
Kxd6 47. h4 Kd5 48. Ne2 Ke4 49. Nf4 Bf8 50. Ne2 Bb4 51. Nf4 Bd6 52. Ne2 Kd3 53.
Ned4 Bc5 54. Nb3 Bb6 55. Nc1+ Ke4 56. Ne2 Ba5 57. Nf4 Nb2 58. Nh3 Nd3 59. Nh2
Bd2 60. Nf1 Ne1+ 61. Kg1 Bc1 62. Nh2 f5 63. Kf1 Nc2 64. Ke2 Nd4+ 65. Kd1 Ba3 66.
Nf4 g5 67. hxg5 hxg5 68. Ne2 Nb5 69. Ke1 Bb4+ 70. Kf1 Kd3 71. Nf3 g4 72. Nh4 Nd6
73. Nf4+ Ke4 74. Ke2 Nb5 75. Nh5 Nd4+ 76. Kf1 Bd6 77. Ng6 Nc2 78. Ke2 Nd4+ 79.
Kf1 Nb5 80. Ke2 Nc3+ 81. Kf1 Bc5 82. Kg2 Nd1 83. Nf6+ Kd3 84. Nh4 Nxf2 85. Nxf5
Ba7 86. Nh6 Kc4 87. Nhxg4 Nxg4 88. Nxg4 Bb8 89. Ne3+ Kd3 90. g4 Kxe3 91. g5 Be5
92. g6 Bg7 93. Kg3 Ke4 94. Kg4 Ke5 95. Kg5 Ke6 96. Kg4 Kf6 97. Kf4 Kxg6 1/2-1/2

[Event "PRO League Group Stage"]
[Site "chess.com INT"]
[Date "2020.01.13"]
[Round "2"]
[White "Azarov, Sergei"]
[Black "Mekhitarian, Krikor Sevag"]
[Result "1-0"]
[WhiteTitle "GM"]
[BlackTitle "GM"]
[WhiteElo "2597"]
[BlackElo "2563"]
[WhiteTeam "New York Marshalls"]
[BlackTeam "Brazil Capybaras"]
[WhiteFideId "13501470"]
[BlackFideId "2107660"]
[EventDate "2020.01.06"]

1. e4 e5 2. Nf3 Nc6 3. Bb5 Nf6 4. O-O Nxe4 5. Re1 Nd6 6. Nxe5 Be7 7. Bf1 Nxe5 8.
Rxe5 O-O 9. d4 Bf6 10. Re1 Re8 11. c3 Rxe1 12. Qxe1 Ne8 13. d5 d6 14. Nd2 Bg5
15. Nf3 Bxc1 16. Rxc1 Nf6 17. c4 Bd7 18. Nd4 Qe8 19. Qc3 Qe5 20. Re1 Qg5 21. Nf3
Qh5 22. h3 Re8 23. Rxe8+ Nxe8 24. Qe3 Kf8 25. Qxa7 Bxh3 26. Qxb7 Bg4 27. Nd4 Qe5
28. Nc2 Be2 29. Ne3 Bxf1 30. Kxf1 Qe4 31. Qb3 Qb1+ 32. Ke2 g6 33. a4 Nf6 34. a5
Ne4 35. Qc2 Qxc2+ 36. Nxc2 Nc5 37. b4 Na6 38. b5 Nc5 39. a6 Na4 40. Ke3 h5 41.
Kd4 Ke7 42. Ne1 g5 43. Nd3 h4 44. f3 f5 45. a7 Nb6 46. c5 Na8 47. c6 Nb6 48. Nb2
g4 49. fxg4 fxg4 50. Ke4 h3 51. gxh3 gxh3 52. Kf3 Kf6 53. Kg3 Na8 54. Nc4 Kf5
55. b6 cxb6 56. Nxd6+ Kf6 57. Nb5 Ke7 58. d6+ Kd8 59. Nc7 h2 60. Kxh2 1-0

[Event "PRO League Group Stage"]
[Site "chess.com INT"]
[Date "2020.01.13"]
[Round "2"]
[White "Iturrizaga Bonelli, Eduardo"]
[Black "El Debs, Felipe de Cresce"]
[Result "1-0"]
[WhiteTitle "GM"]
[BlackTitle "GM"]
[WhiteElo "2597"]
[BlackElo "2552"]
[WhiteTeam "New York Marshalls"]
[BlackTeam "Brazil Capybaras"]
[WhiteFideId "3901211"]
[BlackFideId "2106981"]
[EventDate "2020.01.06"]

1. c4 e5 2. g3 Nf6 3. Bg2 Nc6 4. Nf3 d5 5. cxd5 Nxd5 6. O-O Nb6 7. b3 Be7 8. Bb2
f6 9. Nc3 O-O 10. Rc1 Bg4 11. d4 Nxd4 12. Nxd4 exd4 13. Ne4 d3 14. Qxd3 Qxd3 15.
exd3 c6 16. d4 Rad8 17. Nc5 Bxc5 18. dxc5 Nd5 19. a3 Rfe8 20. Rfe1 Kf7 21. b4
Rxe1+ 22. Rxe1 Nc7 23. Be4 h6 24. f3 Be6 25. Kf2 Rd2+ 26. Re2 Rd1 27. Bc2 Rd8
28. Ke1 Bd5 29. f4 Bc4 30. Rd2 Re8+ 31. Kf2 Nd5 32. Bd1 Re7 33. Bh5+ g6 34. Bf3
h5 35. f5 Kg7 36. fxg6 Kxg6 37. Rd4 Bb3 38. Rh4 Rh7 39. g4 hxg4 40. Be4+ f5 41.
Bxf5+ Kxf5 42. Rxh7 Nf4 43. Ke3 b5 44. Rxa7 Bd5 45. Rd7 Ng2+ 46. Kf2 Nf4 47. Bc3
Nd3+ 48. Ke3 Nf4 49. Re7 Ng2+ 50. Kf2 Nh4 51. Re5+ Kf4 52. Re8 Kg5 53. Re5+ Kf4
54. a4 Ng6 55. axb5 Nxe5 56. Bxe5+ Kxe5 57. b6 1-0

[Event "PRO League Group Stage"]
[Site "chess.com INT"]
[Date "2020.01.13"]
[Round "2"]
[White "Di Berardino, Diego Rafael"]
[Black "Sevian, Samuel"]
[Result "1-0"]
[WhiteTitle "IM"]
[BlackTitle "GM"]
[WhiteElo "2478"]
[BlackElo "2660"]
[WhiteTeam "Brazil Capybaras"]
[BlackTeam "New York Marshalls"]
[WhiteFideId "2105446"]
[BlackFideId "2040506"]
[EventDate "2020.01.06"]

1. c4 e5 2. Nc3 Nc6 3. Nf3 Nf6 4. e3 Bb4 5. Qc2 d6 6. Ne2 a5 7. a3 O-O 8. Ng3
Bc5 9. b3 Re8 10. Bd3 a4 11. Ne4 axb3 12. Qxb3 Nxe4 13. Bxe4 f5 14. Bxc6 bxc6
15. Bb2 f4 16. O-O e4 17. Qc3 Qd7 18. Nh4 f3 19. gxf3 Re5 20. Kh1 Qh3 21. f4 Bg4
22. fxe5 Bf3+ 23. Nxf3 Qxf3+ 24. Kg1 Qg4+ 25. Kh1 Qf3+ 26. Kg1 Rf8 27. exd6 Qg4+
28. Kh1 Qf3+ 29. Kg1 Rf6 30. Qe5 Rg6+ 31. Qg3 Bxd6 32. a4 Qe2 33. a5 Bxg3 34.
fxg3 Qxd2 35. Bd4 c5 36. Bxc5 Rf6 37. Rxf6 gxf6 38. a6 Qb2 39. Bd4 Qb8 40. a7
Qa8 41. Rb1 Qc6 42. Rb8+ Kg7 43. a8=Q Qxc4 44. Qxe4 Qe2 45. Qe7+ Kh6 46. Qxf6+
Kh5 47. Qh4+ Kg6 48. Rg8+ Kf7 49. Qf6+ 1-0

[Event "PRO League Group Stage"]
[Site "chess.com INT"]
[Date "2020.01.13"]
[Round "2"]
[White "Santiago, Yago De Moura"]
[Black "Guseinov, Gadir"]
[Result "1-0"]
[WhiteTitle "GM"]
[BlackTitle "GM"]
[WhiteElo "2486"]
[BlackElo "2666"]
[WhiteTeam "Brazil Capybaras"]
[BlackTeam "New York Marshalls"]
[WhiteFideId "2103877"]
[BlackFideId "13401378"]
[EventDate "2020.01.06"]

1. d4 Nf6 2. Nc3 d5 3. Bf4 c6 4. e3 Bf5 5. f3 h6 6. g4 Bg6 7. Bd3 Bxd3 8. cxd3
Nbd7 9. Nge2 e6 10. Qd2 Bb4 11. e4 Ba5 12. Be3 e5 13. O-O O-O 14. g5 hxg5 15.
Bxg5 exd4 16. Nxd4 c5 17. Nf5 d4 18. Qg2 dxc3 19. f4 Qb6 20. Rf3 Rfe8 21. b4
cxb4+ 22. Kh1 g6 23. e5 Nh5 24. Rg1 Qc6 25. Qh3 Nf8 26. Bf6 Nxf6 27. exf6 Nh7
28. Nh6+ Kf8 29. Nxf7 Qxf6 30. Ne5 Re7 31. Rxg6 Qxg6 32. Nxg6+ Ke8 33. Nxe7 c2
34. Rf1 Kxe7 35. Qxh7+ Kd6 36. Qxb7 1-0

[Event "PRO League Group Stage"]
[Site "chess.com INT"]
[Date "2020.01.13"]
[Round "2"]
[White "Dominguez Perez, Leinier"]
[Black "Berchtenbreiter, Maximilian"]
[Result "1-0"]
[WhiteTitle "GM"]
[BlackTitle "IM"]
[WhiteElo "2758"]
[BlackElo "2488"]
[WhiteTeam "Saint Louis Arch Bishops"]
[BlackTeam "U.K. Lions"]
[WhiteFideId "3503240"]
[BlackFideId "24641120"]
[EventDate "2020.01.06"]

1. e4 c6 2. d4 d5 3. e5 Bf5 4. Nf3 e6 5. Be2 Ne7 6. c3 Qc7 7. O-O h6 8. Nbd2 g5
9. Re1 Ng6 10. Nf1 Bg4 11. h3 Bxf3 12. Bxf3 Be7 13. Bh5 Nd7 14. Qd3 Rg8 15. Nh2
O-O-O 16. Ng4 Bf8 17. g3 Kb8 18. a4 c5 19. a5 c4 20. Qc2 Ka8 21. Bd2 Nb8 22. b3
cxb3 23. Qxb3 a6 24. Reb1 Nc6 25. Qa4 Rg7 26. Rb6 Nge7 27. Rab1 Rb8 28. Nf6 Nc8
29. Ne8 Qd7 30. Qxc6 Nxb6 31. Nc7+ Qxc7 32. Qxc7 Nc4 33. Bxf7 Nxd2 34. Rb6 g4
35. h4 Ba3 36. Rxe6 Rf8 37. Rxa6+ bxa6 38. Bxd5# 1-0

[Event "PRO League Group Stage"]
[Site "chess.com INT"]
[Date "2020.01.13"]
[Round "2"]
[White "Jones, Gawain C B"]
[Black "Le, Quang Liem"]
[Result "1/2-1/2"]
[WhiteTitle "GM"]
[BlackTitle "GM"]
[WhiteElo "2679"]
[BlackElo "2713"]
[WhiteTeam "U.K. Lions"]
[BlackTeam "Saint Louis Arch Bishops"]
[WhiteFideId "409561"]
[BlackFideId "12401137"]
[EventDate "2020.01.06"]

1. e4 c5 2. Nc3 Nc6 3. Bb5 Nd4 4. Nf3 Nxb5 5. Nxb5 a6 6. Nc3 d6 7. d4 cxd4 8.
Qxd4 e5 9. Qd3 h6 10. O-O Be6 11. Rd1 Nf6 12. a4 Be7 13. Nd2 Rc8 14. Nf1 Rc4 15.
Qe2 O-O 16. Nd5 Bxd5 17. exd5 Rc8 18. Ne3 g6 19. Nc4 Nd7 20. Bxh6 Re8 21. b3 Nb6
22. Nxb6 Qxb6 23. a5 Qb5 24. Qd2 f5 25. Be3 f4 26. Bb6 Bd8 27. c4 Qd7 28. Bxd8
Qxd8 29. Rac1 Qg5 30. f3 e4 31. fxe4 Rxe4 32. Re1 Re3 33. Rxe3 fxe3 34. Qe2 Rf8
35. Rf1 Rxf1+ 36. Qxf1 Qe5 37. Qe1 Qd4 38. g3 Qd2 39. Kf1 Qd3+ 40. Qe2 Qxb3 41.
Kg2 Qc3 42. Kf3 Qxa5 43. Qxe3 Qc7 44. Qe4 Kg7 45. h4 b5 46. Qd4+ Kh7 47. cxb5
axb5 48. g4 Qb7 49. Qd3 b4 50. h5 Qf7+ 51. Ke2 Qf6 52. hxg6+ Qxg6 53. Qc4 b3 54.
Qxb3 Qxg4+ 55. Kd2 Qd4+ 56. Kc2 Qc5+ 57. Kd3 Kg6 58. Ke4 Kf7 59. Qb7+ Kf6 60.
Qb2+ Kf7 61. Qe2 Qc3 62. Qh5+ Ke7 63. Qh7+ Ke8 64. Qg8+ Kd7 65. Qe6+ Kc7 66.
Qe7+ Kc8 67. Qe6+ Kc7 68. Qe7+ Kc8 69. Qxd6 Qc2+ 70. Kf3 Qd3+ 71. Kf4 Qd2+ 72.
Kf5 Qd3+ 73. Kf6 Qd4+ 74. Kf7 Qf2+ 75. Ke8 Qg1 76. Qe6+ Kb7 77. d6 Qb6 78. Qd5+
Kb8 79. d7 Qe3+ 80. Kf7 Qf4+ 81. Ke6 Qe3+ 82. Qe5+ Qxe5+ 83. Kxe5 Kc7 84. Ke6
Kd8 85. Kd6 1/2-1/2

[Event "PRO League Group Stage"]
[Site "chess.com INT"]
[Date "2020.01.13"]
[Round "2"]
[White "Speelman, Jon S"]
[Black "Theodorou, Nikolas"]
[Result "1-0"]
[WhiteTitle "GM"]
[BlackTitle "IM"]
[WhiteElo "2509"]
[BlackElo "2555"]
[WhiteTeam "U.K. Lions"]
[BlackTeam "Saint Louis Arch Bishops"]
[WhiteFideId "400033"]
[BlackFideId "4262875"]
[EventDate "2020.01.06"]

1. Nf3 Nf6 2. d4 g6 3. Bf4 Bg7 4. e3 O-O 5. Be2 c5 6. c3 d6 7. Nbd2 Nc6 8. O-O
cxd4 9. exd4 a6 10. h3 h6 11. Re1 e5 12. dxe5 Nd5 13. Bh2 dxe5 14. Ne4 b6 15. c4
Nf4 16. Bxf4 exf4 17. Qb3 Qc7 18. Nc3 Na5 19. Qb4 Qc5 20. a3 Be6 21. Nd5 Nc6 22.
Qxc5 bxc5 23. Nxf4 Bf5 24. Bd3 Bxb2 25. Bxf5 Bxa1 26. Be4 Bc3 27. Rc1 Be5 28.
Nxe5 Nxe5 29. Bxa8 Rxa8 30. Nd5 Rb8 31. f4 Nd3 32. Rc3 Rb1+ 33. Kh2 Nf2 34. Re3
h5 35. Kg3 Nh1+ 36. Kh4 Kg7 37. g4 hxg4 38. hxg4 f6 39. Re7+ Kf8 40. Rc7 Rf1 41.
Nxf6 Rxf4 42. Kg5 Rxc4 43. Kxg6 1-0

[Event "PRO League Group Stage"]
[Site "chess.com INT"]
[Date "2020.01.13"]
[Round "2"]
[White "Mekhitarian, Krikor Sevag"]
[Black "Iturrizaga Bonelli, Eduardo"]
[Result "0-1"]
[WhiteTitle "GM"]
[BlackTitle "GM"]
[WhiteElo "2563"]
[BlackElo "2597"]
[WhiteTeam "Brazil Capybaras"]
[BlackTeam "New York Marshalls"]
[WhiteFideId "2107660"]
[BlackFideId "3901211"]
[EventDate "2020.01.06"]

1. Nf3 Nf6 2. c4 b6 3. g3 Bb7 4. Bg2 c5 5. O-O e6 6. Nc3 Be7 7. Re1 d5 8. cxd5
Nxd5 9. d4 Nxc3 10. bxc3 Be4 11. Ne5 Bxg2 12. Kxg2 O-O 13. e4 Bf6 14. Nf3 Nc6
15. Be3 cxd4 16. cxd4 Na5 17. Qe2 Rc8 18. Rad1 Qd7 19. d5 Bc3 20. Bd2 Bxd2 21.
Rxd2 Nc4 22. Rd4 b5 23. d6 e5 24. Rd5 f6 25. Red1 a6 26. Nh4 g6 27. f4 Rfe8 28.
fxe5 Nxe5 29. Nf3 Nc4 30. R5d4 Re6 31. a4 Rc6 32. axb5 axb5 33. Kg1 Rcxd6 34.
Qa2 Kg7 35. Qa8 Rxd4 36. Rxd4 Rd6 37. Rxd6 Nxd6 38. Qd5 Qe7 39. Nd4 Qe5 40. Ne6+
Kf7 41. Nd8+ Ke8 42. Qg8+ Kd7 43. Nf7 Qd4+ 44. Kg2 Qxe4+ 45. Kg1 Qe8 46. Qxe8+
Nxe8 47. Nh6 b4 48. Ng4 b3 0-1

[Event "PRO League Group Stage"]
[Site "chess.com INT"]
[Date "2020.01.13"]
[Round "2"]
[White "El Debs, Felipe de Cresce"]
[Black "Azarov, Sergei"]
[Result "1/2-1/2"]
[WhiteTitle "GM"]
[BlackTitle "GM"]
[WhiteElo "2552"]
[BlackElo "2597"]
[WhiteTeam "Brazil Capybaras"]
[BlackTeam "New York Marshalls"]
[WhiteFideId "2106981"]
[BlackFideId "13501470"]
[EventDate "2020.01.06"]

1. d4 Nf6 2. c4 e6 3. Nc3 Bb4 4. g3 Bxc3+ 5. bxc3 d6 6. Bg2 O-O 7. Nh3 Nc6 8.
O-O Re8 9. f4 d5 10. Nf2 Na5 11. c5 b6 12. cxb6 cxb6 13. e4 dxe4 14. Nxe4 Bb7
15. Nxf6+ Qxf6 16. Bxb7 Nxb7 17. Qd3 Rac8 18. Qa6 Nd6 19. Qxa7 Nc4 20. Qb7 h5
21. Qf3 Qf5 22. Re1 g6 23. Qe4 Qa5 24. Qd3 Red8 25. Rxe6 fxe6 26. Qxg6+ Kh8 27.
Qh6+ Kg8 28. Qxe6+ Kh8 29. Qh6+ Kg8 30. Qg6+ Kh8 31. Qh6+ Kg8 32. Qg6+ Kh8 33.
Qh6+ 1/2-1/2

[Event "PRO League Group Stage"]
[Site "chess.com INT"]
[Date "2020.01.13"]
[Round "2"]
[White "Guseinov, Gadir"]
[Black "Di Berardino, Diego Rafael"]
[Result "1-0"]
[WhiteTitle "GM"]
[BlackTitle "IM"]
[WhiteElo "2666"]
[BlackElo "2478"]
[WhiteTeam "New York Marshalls"]
[BlackTeam "Brazil Capybaras"]
[WhiteFideId "13401378"]
[BlackFideId "2105446"]
[EventDate "2020.01.06"]

1. e4 c5 2. Nc3 b6 3. Nf3 Bb7 4. d4 cxd4 5. Nxd4 Nf6 6. Bd3 Nc6 7. Nxc6 Bxc6 8.
O-O e6 9. e5 Nd5 10. Ne4 Nb4 11. Re1 Nxd3 12. Qxd3 Be7 13. Qg3 Qc7 14. Qxg7
O-O-O 15. Qxf7 Bxe4 16. Rxe4 Qxc2 17. Qf3 Bc5 18. Bg5 Rdf8 19. Bf6 Qxb2 20. Rd1
Rhg8 21. Rh4 d5 22. Kf1 Rg5 23. Rf4 Rgg8 24. g4 Qxa2 25. g5 Rf7 26. h4 Rc7 27.
Kg2 h6 28. Qg4 d4 29. g6 Qd5+ 30. Rf3 h5 31. Qxh5 Qe4 32. g7 Rcxg7+ 33. Bxg7
Rxg7+ 34. Kf1 d3 35. Qh8+ Kb7 36. Qxg7+ Kc6 37. Rdxd3 1-0

[Event "PRO League Group Stage"]
[Site "chess.com INT"]
[Date "2020.01.13"]
[Round "2"]
[White "Sevian, Samuel"]
[Black "Santiago, Yago De Moura"]
[Result "0-1"]
[WhiteTitle "GM"]
[BlackTitle "GM"]
[WhiteElo "2660"]
[BlackElo "2486"]
[WhiteTeam "New York Marshalls"]
[BlackTeam "Brazil Capybaras"]
[WhiteFideId "2040506"]
[BlackFideId "2103877"]
[EventDate "2020.01.06"]

1. e4 e6 2. d4 d5 3. Nc3 Nf6 4. e5 Nfd7 5. Nce2 c5 6. c3 Nc6 7. f4 Qb6 8. Nf3
Be7 9. g3 O-O 10. Bh3 f6 11. Bxe6+ Kh8 12. exf6 Nxf6 13. Bxc8 Raxc8 14. O-O cxd4
15. Nexd4 Nxd4 16. cxd4 Ne4 17. Qb3 Qxb3 18. axb3 a6 19. Ne5 Rc2 20. Ra5 Rfc8
21. Nd3 Nd2 22. Bxd2 Rxd2 23. Ne5 Rxd4 24. Re1 Bb4 25. Ra4 b5 26. Rxb4 Rxb4 27.
Re3 Kg8 28. Kg2 Rc2+ 29. Kh3 Rxb2 30. Nc6 R4xb3 31. Re8+ Kf7 32. Re7+ Kf8 33.
Rd7 Re3 34. Kg4 Re6 35. Ne5 a5 36. Ra7 a4 37. Kf5 Rf6+ 38. Kg5 d4 39. Nd7+ Ke8
40. Nxf6+ gxf6+ 41. Kxf6 d3 42. Re7+ Kd8 43. Re4 d2 44. Rd4+ Kc7 45. Kg7 a3 46.
f5 a2 47. f6 a1=Q 48. f7 Rb3 49. f8=Q Qxd4+ 50. Kg8 0-1

[Event "PRO League Group Stage"]
[Site "chess.com INT"]
[Date "2020.01.13"]
[Round "2"]
[White "Flores, Diego"]
[Black "Tari, Aryan"]
[Result "1/2-1/2"]
[WhiteTitle "GM"]
[BlackTitle "GM"]
[WhiteElo "2599"]
[BlackElo "2635"]
[WhiteTeam "Argentina Krakens"]
[BlackTeam "Canada Chessbrahs"]
[WhiteFideId "108049"]
[BlackFideId "1510045"]
[EventDate "2020.01.06"]

1. c4 g6 2. Nc3 c5 3. g3 Nc6 4. Bg2 Bg7 5. d3 e6 6. Bxc6 bxc6 7. Qd2 d6 8. b3 e5
9. Bb2 f5 10. O-O-O Nf6 11. f4 O-O 12. Kb1 Re8 13. Nf3 exf4 14. gxf4 Qe7 15.
Rhe1 Qe3 16. Qxe3 Rxe3 17. Na4 Nh5 18. Bc1 Re7 19. e3 Bd7 20. Rg1 Rae8 21. Rde1
Nf6 22. h3 Nh5 23. Kc2 Bh6 24. Bd2 Ng7 25. Ng5 Nh5 26. Nf3 Ng7 27. Rg2 Nh5 28.
Rgg1 1/2-1/2

[Event "PRO League Group Stage"]
[Site "chess.com INT"]
[Date "2020.01.13"]
[Round "2"]
[White "Saric, Ivan"]
[Black "Bitelmajer, Martin"]
[Result "1/2-1/2"]
[WhiteTitle "GM"]
[BlackTitle "IM"]
[WhiteElo "2655"]
[BlackElo "2475"]
[WhiteTeam "Canada Chessbrahs"]
[BlackTeam "Argentina Krakens"]
[WhiteFideId "14508150"]
[BlackFideId "111651"]
[EventDate "2020.01.06"]

1. e4 e5 2. Nf3 Nc6 3. Bb5 a6 4. Ba4 Nf6 5. O-O Be7 6. Re1 b5 7. Bb3 d6 8. c3
O-O 9. h3 Nb8 10. d4 Nbd7 11. Nbd2 Bb7 12. Bc2 Re8 13. Nf1 Bf8 14. Ng3 g6 15. a4
c5 16. d5 c4 17. Bg5 h6 18. Be3 Nc5 19. Qd2 h5 20. Bxc5 dxc5 21. Nf1 Rb8 22. Qe3
Nd7 23. Reb1 Bc8 24. axb5 axb5 25. N1d2 Nb6 26. Bd1 Bd7 27. Ra6 Ra8 28. Rba1
Rxa6 29. Rxa6 Bc8 30. Ra7 Qd6 31. Be2 Bd7 32. Qg5 Kh7 33. g4 Qb8 34. Ra6 hxg4
35. Qh4+ Kg8 36. Ng5 Bg7 37. Bxg4 Bxg4 38. hxg4 Qb7 39. Ra5 Qd7 40. Ra6 Qb7 41.
Ra1 Ra8 42. Rxa8+ Qxa8 43. Ndf3 Nd7 44. Qh7+ Kf8 45. Nxf7 Kxf7 46. Ng5+ Kf6 47.
Ne6 Qh8 48. g5+ Kf7 49. Qxh8 Bxh8 50. Nc7 b4 51. Nb5 Bg7 52. Nd6+ Ke7 53. Nxc4
bxc3 54. bxc3 Bf8 55. Kg2 Ke8 56. Kg3 Be7 57. f4 exf4+ 58. Kxf4 1/2-1/2

[Event "PRO League Group Stage"]
[Site "chess.com INT"]
[Date "2020.01.13"]
[Round "2"]
[White "Sevian, Samuel"]
[Black "Mekhitarian, Krikor Sevag"]
[Result "1-0"]
[WhiteTitle "GM"]
[BlackTitle "GM"]
[WhiteElo "2660"]
[BlackElo "2563"]
[WhiteTeam "New York Marshalls"]
[BlackTeam "Brazil Capybaras"]
[WhiteFideId "2040506"]
[BlackFideId "2107660"]
[EventDate "2020.01.06"]

1. Nf3 d5 2. g3 g6 3. Bg2 Bg7 4. d4 Nd7 5. O-O Ngf6 6. b3 O-O 7. Bb2 c5 8. dxc5
Nxc5 9. Nbd2 b6 10. c4 Bb7 11. Rc1 dxc4 12. Rxc4 Rc8 13. Qa1 Ba6 14. Rd4 Qc7 15.
Rc1 Qb8 16. Rh4 Bxe2 17. Be5 Qb7 18. Ng5 Qd7 19. Nc4 h5 20. Bh3 Bg4 21. Bxg4
hxg4 22. Nh7 Nd3 23. Rd1 Qf5 24. Rxd3 Qxd3 25. Bxf6 exf6 26. Nxf6+ Bxf6 27. Qxf6
Qd1+ 28. Kg2 Qf3+ 29. Qxf3 gxf3+ 30. Kxf3 Rfd8 31. Re4 b5 32. Ne3 Rd2 33. a4 Rc3
34. axb5 Rxb3 35. Re8+ Kg7 36. Re7 Rbb2 37. Ng4 Ra2 38. h4 Rdb2 39. Rb7 a6 40.
b6 Ra3+ 41. Kg2 Raa2 42. Kh3 a5 43. f4 Rb1 44. Ne5 Kf6 45. Rxf7+ Ke6 46. b7 a4
47. Rg7 Kf5 48. Rf7+ Ke4 49. Kg4 a3 50. Nc6 Rab2 51. Re7+ Kd5 52. b8=Q Rxb8 53.
Nxb8 a2 54. Ra7 a1=Q 55. Rxa1 Rxa1 56. Kg5 Ke6 57. Nc6 Rc1 58. Ne5 Rg1 59. g4
Ke7 60. Nxg6+ Kf7 61. h5 Kg7 62. f5 Rf1 63. h6+ Kh7 64. Nf4 Ra1 65. Nh5 Kh8 66.
Kg6 Ra6+ 67. f6 Ra8 68. f7 Ra6+ 69. Nf6 Ra8 70. Nd7 Rf8 71. g5 Rd8 72. f8=Q+
Rxf8 73. Nxf8 1-0

[Event "PRO League Group Stage"]
[Site "chess.com INT"]
[Date "2020.01.13"]
[Round "2"]
[White "Guseinov, Gadir"]
[Black "El Debs, Felipe de Cresce"]
[Result "1-0"]
[WhiteTitle "GM"]
[BlackTitle "GM"]
[WhiteElo "2666"]
[BlackElo "2552"]
[WhiteTeam "New York Marshalls"]
[BlackTeam "Brazil Capybaras"]
[WhiteFideId "13401378"]
[BlackFideId "2106981"]
[EventDate "2020.01.06"]

1. e4 c5 2. Nc3 Nc6 3. Bb5 Nd4 4. Nf3 Nxb5 5. Nxb5 d6 6. d4 Nf6 7. Nc3 cxd4 8.
Qxd4 e5 9. Qd3 h6 10. O-O Be7 11. Nd2 Be6 12. Nc4 O-O 13. Ne3 Rc8 14. Bd2 Qb6
15. Rfd1 Qd4 16. Be1 Qxd3 17. Rxd3 Rfd8 18. f3 Nh5 19. Ncd5 Bg5 20. c3 Nf4 21.
Nxf4 Bxf4 22. Nd5 Bg5 23. Bf2 a6 24. Rad1 Bxd5 25. Rxd5 Be7 26. Bb6 Re8 27. Ba5
Rc6 28. a4 f6 29. Bb4 Rd8 30. b3 Kf7 31. c4 Ke6 32. Kf2 Rd7 33. R1d3 Rd8 34. g3
g5 35. f4 gxf4 36. gxf4 exf4 37. Bd2 Bf8 38. Bxf4 Rd7 39. Kf3 Rc5 40. Rxc5 dxc5
41. Rxd7 Kxd7 42. Kg4 Ke6 43. h4 h5+ 44. Kxh5 f5 45. e5 Be7 46. Bg5 Bf8 47. Bf6
f4 48. Kg4 Bh6 49. Bg5 Bxg5 50. hxg5 Kxe5 51. g6 Kf6 52. Kxf4 Kxg6 53. Ke5 a5
54. Kd6 Kf5 55. Kxc5 Ke4 56. Kb6 1-0